Tilastot visalle Yleistieto #23

Klikkaa tästä pelataksesi tätä visaa!

Yleistilastot

  • Tätä visaa on pelattu 229 kertaa
  • Keskiarvotulos 6 / 15

Vastaustilastot

VinkkiVastaus% Oikein
Mikä on Suomen kansallispuu?Hieskoivu
93%
Kuka kirjoitti "Sinuhe Egyptiläinen"?Mika Waltari
87%
Mistä kaupungista on kotoisin jääkiekko joukkue SaiPa?Lappeenrannasta
76%
Millä kappaleella ABBA voitti Euroviisut vuonna 1974?Waterloo
75%
Mikä on Kroatian pääkaupunki?Zagreb
70%
Minkä yhtyeen klassikko on "Stairway to Heaven"?Led Zeppelinin
40%
Mitä taidesuuntausta edustaa Claude Monet?Impressionismia
36%
Mikä on Egyptin toiseksi suurin kaupunki?Aleksandria
31%
Minkä Yhdysvaltojen osavaltion pääkaupunki on Juneau?Alaskan
28%
Kenen hitti on "Crazy in Love"?Beyonce Knowles
25%
Kuka on ohjannut elokuvat "Annie Hall" ja "Manhattan"?Woody Allen
23%
Kuka voitti parhaan miespääosan Oscarin elokuvasta "Milk"?Sean Penn
21%
Kuka esitti Kleopatraa vuoden 1963 filmatisoinnissa?Elizabeth Taylor
18%
Kuka kehitti "The Family Guyn"?Seth MacFarlane
11%
Mikä joki virtaa Buenos Airesin läpi?Rio de la Plata
5%

Tulosjakauma

Persentiili vastausten määrän mukaan

Jokaisen tuloksen saaneiden osuus

Tuloshistoriasi

Et ole pelannut tätä visaa